| 000 | 00936nas a2200301 4500 | ||
|---|---|---|---|
| 001 | BR9406098 | ||
| 003 | BR-BrBNA | ||
| 005 | 20231205093737.0 | ||
| 007 | ta | ||
| 008 | 230509b bl.|||p| |||| 00| 00por d | ||
| 040 |
_aBR-BrBNA _bpor _cBiblioteca Nacional de Agricultura |
||
| 041 | _a(Pt) | ||
| 072 | _aL73; L70 | ||
| 100 | 1 | _aMarques, L.C. | |
| 100 | 1 | _aCamacho, A.A. | |
| 100 | 1 | _aMarques, J.A. | |
| 100 | 1 | _aMacari, M. | |
| 100 | 1 | _aMendes, L.C.N. | |
| 245 | 1 | _aEstudo das alteracoes clinicas, hematologicas, eletrocardiograficas e anatomopatologicas de bovinhos portadores de reticulopericardite traumatica | |
| 650 | _aBovino | ||
| 650 | _aHematologia | ||
| 650 | _aEletrocardiografia | ||
| 650 | _aDoenca Animal | ||
| 650 | _aVeterinaria | ||
| 773 | 0 |
_tArs Veterinaria (Brazil) _xISSN 0102-6380 _g(Dec 1990), v. 6(2) p. 100-111 _wBR9406098 |
|
| 909 |
_a202311 _bLúcia _c55 _dLúcia Elande |
||
| 942 |
_2AGRIS _n0 _cANA |
||
| 999 |
_c140185 _d140185 |
||